De Sadowa a Sedan (Record no. 153399)

MARC details
000 -LEADER
campo de control de longitud fija 00689nam a22001935i 4500
001 - NÚMERO DE CONTROL
campo de control 153399
003 - IDENTIFICADOR DE NÚMERO DE CONTROL
campo de control ES-MaACL
005 - FECHA Y HORA DE LA ÚLTIMA TRANSACCIÓN
campo de control 20250808072551.0
008 - DATOS DE LONGITUD FIJA--INFORMACIÓN GENERAL
campo de control de longitud fija 991004s1885 fr |||| | fre d
040 ## - FUENTE DE CATALOGACIÓN
Centro catalogador/agencia de origen CAM
Lengua de catalogación spa
Centro/agencia transcriptor CAM
245 00 - MENCIÓN DEL TÍTULO
Título De Sadowa a Sedan
Resto del título : mémoires d'un Ambassadeur secret aux Tuileries /
Mención de responsabilidad, etc. Oscar Meding ; publiés par Victor Tissot.
250 ## - MENCION DE EDICION
Mención de edición 3\pème\s éd.
260 ## - PUBLICACIÓN, DISTRIBUCIÓN, ETC.
Lugar de publicación, distribución, etc. Paris :
Nombre del editor, distribuidor, etc. E. Dentu, éditeur,
Fecha de publicación, distribución, etc. 1885 (
Fabricante Imp. Paul Dupont)
300 ## - DESCRIPCIÓN FÍSICA
Extensión XIX, 322 p. ;
Dimensiones 18 cm.
651 #0 - PUNTO DE ACCESO ADICIONAL DE MATERIA--NOMBRE GEOGRÁFICO
Nombre geográfico Francia-
Subdivisión general Historia-
Subdivisión cronológica 1789-1900-
Subdivisión de forma Fuentes
9 (RLIN) 234084
700 11 - ENTRADA AGREGADA--NOMBRE PERSONAL
Nombre de persona Tissot, Victor,
Término indicativo de función/relación
9 (RLIN) 110345
852 ## - LOCALIZACIÓN
Ubicación ES-MaACL
Número de control de estantería D-2646
Nota libre -- Rust.
Holdings
Estatus retirado Estado de pérdida Estado de daño No para préstamo Colección Biblioteca de origen Biblioteca actual Ubicación en estantería Fecha de adquisición Fuente de adquisición Total de préstamos Signatura topográfica completa Código de barras Visto por última vez Precio de reemplazo Tipo de ítem Koha
        Libros del s. XIX Biblioteca del Ateneo de Madrid Biblioteca del Ateneo de Madrid Sala Valle Inclán 17/01/2008     D-2646 901160317 23/02/2023 23/02/2023 Libro impreso antiguo